00861nam a2200205 a 450000100100000000500170001000800410002704000250006808200220009310000400011524501360015526001200029130000390041150000210045050000370047165000390050870000330054770000310058070000440061100004783720201002060751.0100305s1922 dr abc 001 0 spa d aDO-SdBNPbspacBNPHU a551.097293bV364g1 aVaughan, Thomas Wayland,d1870-195213aUn reconocimiento geológico de la República Dominicana /cT. W. Vaughan, Charles Wythe Cooke, D.D. Condit, C. P. Ross [et al.]. aSanto Domingo :bSecretaría de Estado de Fomento y Comunicaciones de la República Dominicana,c1922fWashington av. :bil., mapas, retrs. ;c25 cm. aIncluye índice aLa biblioteca posee el volumen 1 4aGeologíazRepública Dominicana1 aCooke, Charles Wythe,d1887-1 aCondit, David Dale,d1886-1 aRoss, Clyde P.q(Clyde Polhemus)d1891-